| 000 | 00358nam a22001457a 4500 | ||
|---|---|---|---|
| 003 | MACL | ||
| 005 | 20190827160704.0 | ||
| 008 | 190827b xxu||||| |||| 00| 0 eng d | ||
| 040 | _cMACL | ||
| 100 |
_aKiran,A. _976406 |
||
| 245 | _aHandbook of Body language | ||
| 260 |
_aNew Delhi _bAnurag Prakashan _c2018 |
||
| 650 |
_aMotivation _976407 |
||
| 942 |
_2ddc _cBK |
||
| 999 |
_c60848 _d60848 |
||